| 000 | 00446cam a2200157u 4500 | ||
|---|---|---|---|
| 082 |
_a515.243 _bKNO _cl-2, 56,P : |
||
| 100 | 1 |
_aKnopp, Konrad, _939275 |
|
| 245 | 0 | 0 | _aTheory and application of infinite series. |
| 250 | _a[2d ed.] | ||
| 260 |
_aLondon, _bBlackie _c[1951] |
||
| 300 |
_axii, 563 p. _bdiagrs. _c23 cm. |
||
| 526 |
_a0 _b0 _c0 _d515_243000000000000_KNO |
||
| 650 | 0 |
_aMCE _9379 |
|
| 650 | 0 |
_aSeries, Infinite. _939184 |
|
| 942 |
_2ddc _cBK |
||
| 999 |
_c543780 _d543780 |
||